000 00538nam a2200193Ia 4500
003 OSt
005 20250311124751.0
008 210210b1970 xxu||||| |||| 00| 0 eng d
040 _cAL
041 _aKannada
082 _aK894.3 ARYN
100 _aARYAMBA PATTABHI.
_dಆರ್ಯಾಂಬಾ ಪಟ್ಟಾಭಿ
_9205588
245 _aNovu nirdara.
_bನೋವು ನಿರ್ಧಾರ
260 _aBengaluru
_bPrakasha Sahitya
_c1970
300 _a160
690 _aKannada Fiction
_9205589
906 _a029746
942 _2ddc
_cBK
999 _c80951
_d80951